000 00397nam a2200169Ia 4500
008 210210b1971 xxu||||| |||| 00| 0 eng d
020 _a0 7216 7017 2
082 _a596 ORRV
100 _aORR (Robert T).
245 _aVertebrate biology. Ed.3
250 _a
260 _aLondon
_bW B Saunders Co.
_c1971
300 _avii,544
650 _aVertebrate
690 _aZoology
906 _a029498
999 _c80713
_d80713